Decoding the city urbanism in the age of big data

Salvato in:
Dettagli Bibliografici
Autore principale: Offenhuber, Dietmar Ratti Carlo
Natura: Libro
Lingua:inglese
Pubblicazione: Verlag 2014
Tags: Aggiungi Tag
Nessun Tag, puoi essere il primo ad aggiungerne!!

MARC

LEADER 00000nam a22000007a 4500
008 230103b |||||||| |||| 00| 0 eng d
020 |a 97830038215974 
100 |a Offenhuber, Dietmar  |a  Ratti Carlo 
245 |a Decoding the city  |b urbanism in the age of big data  |c  Dietmar Offenhuber,Carlo Ratti  |g 192p;ill 
260 |b Verlag  |c 2014  |h Switzerland  |i 699311  |i 699312  |l HT66.Of2  |m Data mining  |m City planning- Data processing 
942 |a lcc  |c BK  |e Johnson  |f 01/01/23 
952 |0 0  |1 0  |2 lcc  |4 0  |6 HT0066 O F2  |7 0  |9 4071  |a SSL  |b HOL  |c GJ  |d 2023-01-03  |l 0  |o HT66.Of2  |p 2023-0005  |r 2023-01-03 00:00:00  |t 699312  |w 2023-01-03  |y BK 
952 |0 0  |1 0  |2 lcc  |4 0  |6 HT0066 O F2  |7 0  |9 4072  |a HOL  |b HOL  |c GJ  |d 2023-01-03  |l 0  |o HT66.Of2  |p 2023-0006  |r 2023-01-03 00:00:00  |t 699311  |w 2023-01-03  |y BK 
999 |c 2044  |d 2044